000 00448nam a2200193Ia 4500
005 20240823014258.0
008 240823s9999||||xx |||||||||||||| ||und||
020 _a81-7409-161-0
041 _aENGLISH
082 _A624 P3
100 _aDuggal S K
245 0 _aCivil Engineering through Objective Type
250 _a4th
260 _c2003
_b"Khanna,"
500 _aTRANSFERED
650 _aCIVIL
_bCivil
942 _cBK
999 _c169629
_d169629